Tratado de derecho administrativo

Saved in:
Bibliografiske detaljer
Hovedforfatter: Sayagués Laso, Enrique (Author)
Format: Bog
Sprog:spansk
Udgivet: Montevideo Martín Bianchi Altuna 1959
Fag:
Tags: Tilføj Tag
Ingen Tags, Vær først til at tagge denne postø!

MARC

LEADER 00000nam a2200000 a 4500
001 UCS0690
003 CL-VaPUC
008 970426e19590000UY |||||||||||||||||spa|d
082 0 4 |a 342.06  |b SAY  |2 21 
100 0 |a Sayagués Laso, Enrique  |e author  |9 384479 
245 1 0 |a Tratado de derecho administrativo 
300 |a 2 v 
942 |c BK 
945 |d 19970426 00:00:00  |a paguirre 
260 |a Montevideo  |b Martín Bianchi Altuna  |c 1959 
650 0 |a Derecho administrativo  |9 254851 
650 7 |a CONCESION  |2 CL-VaPUC  |9 384480 
650 0 |a Servicios públicos  |9 328528 
650 0 |a Administración pública   |9 255343 
650 7 |a PATRIMONIO ESTATAL  |2 CL-VaPUC  |9 384481 
650 7 |a EXPROPIACION  |2 CL-VaPUC  |9 360440 
650 7 |a PROCEDIMIENTO  |2 CL-VaPUC  |9 384482 
650 7 |a CONTENCIOSO ADMINISTRATIVO  |2 CL-VaPUC  |9 255490 
650 0 |a Evolución  |9 259442 
583 |a last modification  |c 19970426 00:00:00  |k Rodrigo Vera 
999 |c 258907  |d 258905 
952 |0 0  |1 0  |4 0  |6 342_060000000000000_SAY_1959  |7 0  |8 A  |9 283300  |a BIBDER  |b BIBDER  |d 2019-11-19  |h v.2  |i 1834541  |o 342.06 SAY 1959  |p 1834541  |r 2023-01-25  |w 2019-11-19  |y BK  |k DER 
952 |0 0  |1 0  |4 0  |6 342_060000000000000_SAY_1959  |7 0  |8 A  |9 283301  |a BIBDER  |b BIBDER  |d 2019-11-19  |h v.1  |i 1892541  |o 342.06 SAY 1959  |p 1892541  |r 2023-01-25  |w 2019-11-19  |y BK  |k DER